00293nam a2200121Ia 4500008004100000082001400041100001600055245003000071250000800101260004600109300000800155650000800163191201s2010 xx 000 0 und d a004bSOF- aSONI,Vishal 0aFundamentals of Computers aRep aN.DelhibHimalaya Publication Housec2010 a300 aMBA